000 04082nab a2200289 i 4500
003 BR-BrBNA
005 20240520134059.0
008 240520b2014 bl.qr|pooa||| 00| 0 por |
040 _aBR-BrBNA
_bpor
072 _aF60
072 _aL72
100 _aLuz, H.S.
100 _aSantos, A.C.G.
100 _aLima, F.C.
100 _aMachado, K.R.G.
245 _aProspecção fitoquímica de Himatanthus drasticus Plumel (Apocynaceae), da mesorregião leste maranhense
500 _aPublicação on-line; 34 ref.; 1 table; 4 illus.; Summaries (En, Pt)
520 _a RESUMO: O uso indiscriminado de Himatanthus drasticus (Janaúba) por pequenos caprinocultores no controle de verminose em pequenos ruminantes foi o que motivou a realização do estudo fitoquímico do mesmo. Cascas da janaúba foram coletadas na mesorregião Leste do Maranhão e conduzidas aos laboratórios de Nutrição da Universidade Estadual do Maranhão e de Produtos Naturais da Universidade Federal do Maranhão para a identificação botânica e fitoquímica pela metodologia da Prospecção Preliminar e CCD, realizando testes para as diversas classes de metabólitos secundários. A partir das cascas do vegetal moído e desidratado foi realizado o preparo do extrato bruto (EB). O material foi colocado em uma mistura hidroalcoólica de EtOH: H2O (7:3 v:v), e submetido a agitação mecânica esporádica. Os Subextratos foram obtidos a partir do EBHA pelo processo de partição líquido-líquido, ETOH: H2O (2:1, v:v). As misturas foram preparadas com os seguintes solventes orgânicos de polaridades crescentes: hexano, acetato de etila e butanol. As análises cromatográficas evidenciaram a presença de grupos de metabólitos secundários no extrato e nos subextratos. As classes de metabólitos secundários que apresentaram maior expressividade na análise de prospecção foram os alcaloides e taninos, enquanto que na analise por CCD foram os flavonoides e terpenos, indicando o potencial da ação farmacológica das cascas de H. drasticus. Palavras-chave: Bioatividade, Fitoterápico, Maranhão.
520 _a ABSTRACT: Phytochemical screening of Himatanthus drasticus Plumel (Apocynaceae), from the eastern mesoregion of Maranhão, Brazil. The indiscriminate use of the plant Himatanthus drasticus (Janaúba) by small goat farmers to control nematode parasites in small ruminants was the aim of this phytochemical study of the plant. Barks were collected in the eastern mesoregion of the state of Maranhão, Brazil, and sent to the laboratory for botanical and phytochemical identification by the methodology of Preliminary Prospecting and TLC, testing for the various classes of secondary metabolites. From the ground, dehydrated bark, we conducted the preparation of the crude extract (CE). The material was placed in a water-alcohol mixture of EtOH:H2O (7:3 v:v) and subjected to sporadic mechanical agitation. The subextracts were obtained using the HACE process by liquid-liquid partition, ETOH:H2O (2:1, v:v). The mixtures were prepared with organic solvents of increasing polarity, such as hexane, ethyl acetate and butanol. The GC analysis showed the presence of groups of secondary metabolites in the extract and subextractes. The classes of secondary metabolites that showed greater expressiveness are the alkaloids and tannins, when analyzed by prospecting, and flavonoids and terpenes, when analyzed by TLC, and H. drasticus presents elements indicative of pharmacological action. Keywords: Bioactivity, Phytotherapic, Maranhão.
650 _aFITOTERAPIA
650 _aMARANHÃO
650 _aPLANTA MEDICINAL
773 0 _03543
_9315366
_dBotucatu-SP Instituto de Biociências - Departamento de Química e Bioquímica 1998
_o2024-1617
_tRevista Brasileira de Plantas Medicinais (Brazil)
_x1516-0572
_gv. 16(3 suppl. 1) p. 657-662; (2014)
_wBR2024000789
856 _uhttps://www.scielo.br/j/rbpm/a/HhQdSDt3x4sRHBrVnCGjSnf/?format=pdf&lang=pt
942 _cAnalítica
999 _c299679
_d299679